000 01783nam a2200229Ia 4500
003 Ost
005 20260416102358.0
008 260416s9999||||xx |||||||||||||| ||und||
040 _cfsecg
041 _aara
082 _a355.43
100 _aبوترية، وهيبة
_eمؤلف
245 0 _a استراتيجية المؤسسة :
_bمطبوعة موجهة لطلبة السنة الثالثة اقتصاد و تسيير المؤسسة /
_c وهيبة بوترية
260 _aالجزائر
_bجامعة الجزائر3: كلية العلوم الإقتصادية، العلوم التجارية وعلوم التسيير
_c2022
300 _a103 ورقة
_bايضاحات
_c30 سم
504 _aمراجع ص.100
520 _aمدخل الى الاستراتيجية و تطور الفكر الاستراتيجي (مدارس الاستراتيجية) ، المؤسسة و علاقتها بالمحيط ، الاتحاه الاستراتيجي (التوجه الاستراتيجي) ، التجزئة الاستراتيجية ، التشخيص الاستراتيجي البيئة الخارجية الخاصة ، تشخيص البيئة الداخلية و تشخيص الخارجي و الداخلي معا (SWOT) ، مصفوفات الوضعية التنافسية ، البدائل الاستراتيجية (الخيارات الاستراتيجية) و التنفيذ الاستراتيجي و الرقابة الاسيتراتيجية ، استراتيجية المحيط الأزرق .
653 _aاستراتيجية المؤسسات
653 _aالاستراتيجية
710 _aجامعة الجزائر3: كلية العلوم الإقتصادية، العلوم التجارية وعلوم التسيير
_eناشر علمي
942 _cHANDOUT
999 _c41285
_d41285